| 000 | 02147nam a2200433 i 4500 | ||
|---|---|---|---|
| 003 | EG-GICUC | ||
| 005 | 20260209192625.0 | ||
| 008 | 260209s1987 ua ||||fr|||| 00| 0 ara d | ||
| 040 |
_a EG-GICUC _bara _c EG-GICUC _d EG-GICUC _erda |
||
| 041 | 0 | _aara | |
| 082 | 0 | 4 |
_a343.421 _bع ب . م _221 |
| 092 | 0 | 4 | _221 |
| 099 | _aLaw1 10 343.421 ع ب . م 1987 1006533 | ||
| 100 | 0 |
_aعبد الحليم السيد. _eمؤلف. |
|
| 245 | 1 | 2 |
_aالمخدرات والشباب في مصر : _bبحوث ميدانية في مدى انتشار المواد المؤثرة في الحالة النفسية داخل قطاع الطلاب / _cتعاون في إجرائها الدكتور عبد الحليم السيد [و10 آخرون] ؛ أشراف على البحوث ووضع تصميماتها الدكتور مصطفى سويف. |
| 264 | 1 |
_aالقاهرة : _bالمركز القومي للبحوث الاجتماعية والجنائية، _c1987. |
|
| 300 |
_a117 صفحة ؛ _c24 سم. _bإيضاحيات، صور، مثيليات ؛ |
||
| 336 |
_2rda content _atext |
||
| 337 |
_2rda media _aComputer |
||
| 338 |
_2rda carrier _aOnline Resource |
||
| 504 | _aيشتمل على ارجاعات ببليوجرافية. | ||
| 546 | _aالنص باللغة العربية | ||
| 650 | 1 | 4 |
_a التشريعات المتعلقة بالمخدرات. _2qrmak |
| 650 | 1 | 4 |
_aالقانون الجنائي. _2qrmak |
| 651 | 1 | _2qrmak | |
| 700 |
_a زين العابدين درويش _eمؤلف مشارك. |
||
| 700 |
_aمصري حنورة _eمؤلف مشارك. |
||
| 700 |
_aفيصل يونس _eمؤلف مشارك. |
||
| 700 |
_aهند طه _eمؤلف مشارك. |
||
| 700 |
_aالحسين عبد المنعم _eمؤلف مشارك. |
||
| 700 |
_aأسامة أبو سريع _eمؤلف مشارك. |
||
| 700 |
_aمحمد نجيب الصبوة _eمؤلف مشارك. |
||
| 700 |
_aجمعة يوسف _eمؤلف مشارك. |
||
| 700 |
_aخالد بدر _eمؤلف مشارك. |
||
| 700 |
_aأحمد سعد _eمؤلف مشارك. |
||
| 856 | 4 | 0 | _uhttps://fll.law.cu.edu.eg/fulltext/bks/B10-06533.pdf |
| 905 | _a18 | ||
| 942 |
_2ddc _cBK _e21 _n0 |
||
| 999 |
_c62063 _d62063 |
||